Dear editor or real estate : America's award-winning real estate columnist answer all question

Bibliographic Details
Main Author: Lan, Edith
Format: Book
Published: Chicago : Longman Financial Services Publishing , 1990
Subjects:

MARC

LEADER 00000cam a2200000 7i4500
001 0000002959
005 20021126.0
020 |a 0793100070 
040 |a INS 
090 0 0 |a HD1379.   |b L327 1990 
100 1 |a Lan, Edith 
245 1 0 |a Dear editor or real estate :   |b America's award-winning real estate columnist answer all question   |c Edith Lan 
260 |a Chicago :   |b Longman Financial Services Publishing ,   |c 1990 
300 |a xii, 180p. ;   |c 23 cm. 
500 |a Includes index 
650 0 0 |a Home ownership 
650 0 0 |a House buying 
650 0 0 |a House selling 
650 0 0 |a Real estate business 
999 |a 0000004159   |b BOOK   |c Open Shelf   |e Default branch